F. Chopin

Na minha lista:
Detalhes bibliográficos
Autor principal: Liszt, Franz (autor)
Formato: Livro
Idioma:francês
Publicado em: París Corrêa 1941
Assuntos:
Tags: Adicionar Tag
Sem tags, seja o primeiro a adicionar uma tag!

MARC

LEADER 00000nam a2200000 a 4500
001 UCN1245
003 CL-VaPUC
005 20231023095609.0
008 010420e19410000FR |||||||||||||||||fre|d
999 |c 294820  |d 294818 
040 |c Pontificia Universidad Católica de Valparaíso 
082 0 4 |a 780.92  |b LIS  |2 21 
100 |a Liszt, Franz  |e autor  |9 860768 
245 1 0 |a F. Chopin 
260 |a París  |b Corrêa  |c 1941 
300 |a 307 p 
583 |a last modification  |c 20010420 00:00:00  |k Rodrigo Vera 
600 0 |a Chopin, Frederic  |9 306591 
650 7 |a COMPOSITORES POLACOS  |2 CL-VaPUC  |9 456739 
650 0 |a Pianistas  |9 306502 
650 7 |a MUSICOS POLACOS  |2 CL-VaPUC  |9 456740 
942 |c BK  |2 ddc 
945 |d 20010420 00:00:00  |a crobeson 
952 |0 0  |1 0  |4 0  |6 780_920000000000000_LIS_1941  |7 0  |8 A  |9 347552  |a BIBEDU  |b BIBEDU  |d 2019-11-20  |i 1249770  |o 780.92 LIS 1941  |p 1249770  |r 2023-01-12  |w 2019-11-20  |y BK  |k MUS